00306nam a22000977a 4500082001800000245007300018260004400091300001100135563000800146650005400154 a342.5491bCON aConstitution of Islamic Republic of Pakistan:ball amended edition / aKarachi :bThe Ideal Publishers,c2024. a234 p. aHB. aLaw, Constitution of Islamic Republic of Pakistan